Abnormal leaf fall disease of rubber caused by Phytophthora spp. (Record no. 50351)

MARC details
000 -LEADER
fixed length control field 00487nam a2200121Ia 4500
100 ## - MAIN ENTRY--AUTHOR NAME
Personal name Pillay P.N.R.
245 #0 - TITLE STATEMENT
Title Abnormal leaf fall disease of rubber caused by Phytophthora spp.
260 ## - PUBLICATION, DISTRIBUTION, ETC. (IMPRINT)
Name of publisher Proceedings of the Workshop on Phytophthora disease of Tropical Cultivated Plants, 1980, Central Plantation Crops Research Institute, Kasaragod, India, pp. 17-23.
Year of publication 1982
650 ## - SUBJECT ADDED ENTRY--TOPICAL TERM
Topical Term Abnormal leaf fall
650 ## - SUBJECT ADDED ENTRY--TOPICAL TERM
Topical Term Phytophthora
942 ## - ADDED ENTRY ELEMENTS (KOHA)
Koha item type Bibliography STAF
Holdings
Withdrawn status Lost status Damaged status Not for loan Home library Current library Shelving location Date acquired Koha item type
      Bibliography RRII Library RRII Library Pathology 09/04/2014 Bibliography STAF